Welcome to the Holygrace Academy Library

Please use search bar below to get started

PRASANGAKALA KUTTIKALKU (Record no. 1032)

MARC details
000 -LEADER
fixed length control field 00323nam a22001337a 4500
020 ## - INTERNATIONAL STANDARD BOOK NUMBER
ISBN 1004-5000-06-0913
082 ## - DEWEY DECIMAL CLASSIFICATION NUMBER
Classification number 894.812
Item number MAL/P
100 ## - MAIN ENTRY--AUTHOR NAME
Personal name SHAJI MALIPPARA
245 ## - TITLE STATEMENT
Title PRASANGAKALA KUTTIKALKU
260 ## - PUBLICATION, DISTRIBUTION, ETC. (IMPRINT)
Place of publication THRISSUR
Name of publisher H & C PUBLICATIONS
Year of publication 2013
300 ## - PHYSICAL DESCRIPTION
Number of Pages 77
650 ## - SUBJECT ADDED ENTRY--TOPICAL TERM
Topical Term SPEECH FOR STUDENTS
Geographic subdivision KERALA
942 ## - ADDED ENTRY ELEMENTS (KOHA)
Koha item type Books
Holdings
Withdrawn status Lost status Collection code Home library Current library Shelving location Date acquired Source of acquisition Cost, normal purchase price Full call number Accession Number Koha item type
    Reference Main Library Main Library   24/03/2015 purchase 20.00 894.812 MAL/P 09608 Books
    Reference Main Library Main Library   24/03/2015 purchase 20.00 894.812 MAL/P 09607 Books
    Reference Main Library Main Library   24/03/2015 purchase 10.00 894.812 MAL/P 09606 Books
    Reference Main Library Main Library   24/03/2015 purchase 10.00 894.812 MAL/P 09605 Books